TOP 3 MARCATORI PER OGNI SQUADRA IN SERIE A 24/25 - Statistics

Statistiche generali
  • Questo quiz è stato fatto 112 volte
  • Il punteggio medio è 33 su 60
Statistiche sulle risposte
Hint Risposta % Corretto
BOLOGNA ORSOLINI
97%
FIORENTINA KEAN
96%
ATALANTA RETEGUI
93%
INTER THURAM
93%
MARTINEZ
92%
LOOKMAN
91%
NAPOLI LUKAKU
88%
JUVE VLAHOVIC
88%
CASTRO
84%
LEAO
82%
LAZIO CASTELLANOS
80%
MILAN PULISIC
80%
MCTOMINAY
76%
DIA
74%
DYBALA
72%
LECCE KRSTOVIC
72%
YILDIZ
72%
ROMA DOVBYK
70%
EMPOLI ESPOSITO
70%
UDINESE LUCCA
68%
DUMFRIES
67%
NDOYE
67%
CAGLIARI PICCOLI
64%
COLOMBO
63%
REIJNDERS
63%
DE KETELAERE
62%
KOLO MUANI
62%
PEDRO
61%
GENOA PINAMONTI
61%
PARMA BONNY
60%
COMO DIAO
60%
MONZA MOTA
60%
CUTRONE
58%
TORINO ADAMS
56%
ANGUISSA
54%
THAUVIN
54%
GUDMUNDSSON
46%
VLASIC
44%
CAPRARI
41%
ZORTEA
38%
FAZZINI
36%
MOSQUERA
36%
ORISTANIO
36%
PIEROTTI
35%
VERONA TENGSTEDT
35%
GOSENS
34%
SARR
32%
DJURIC
31%
VENEZIA CAVIGLIA
30%
SAELEMAEKERS
28%
ELMAS
23%
BUSIO
22%
MIRETTI
22%
EKKELENKAMP
21%
BIRINDELLI
18%
ONDREJKA
16%
BASCHIROTTO
15%
DE WINTER
11%
STEFEZZA
1%
MARINE
0%
Nessun quiz corrispondente trovato
Distribuzione punteggi
Percentuale di utenti per punteggio
Percentile per numero di risposta
I tuoi punteggi nel tempo
Non hai fatto questo quiz